000 00517nam a22001817a 4500
005 20251108164032.0
008 250721s1996 xx 000 0 ara d
082 1 4 _a347.2/محم
100 1 _aمنصور، محمد حسين
245 1 0 _aأصول القانون الزراعي /
264 1 _aالإسكندريه :
_bمنشأة المعارف،
_c1996.
300 _a350ص
650 1 7 _aالقانون المدني
650 1 7 _aالملكية
650 1 7 _aالزراعة
942 _2ddc
_cBK
999 _c1991
_d1991